| 000 | 01413nam a2200325 c 4500 | ||
|---|---|---|---|
| 003 | BLK | ||
| 005 | 20180420220422.0 | ||
| 008 | 180407b bul|||||r ||||||| ||bul|| | ||
| 010 | _aKNG00033628000 | ||
| 020 |
_a954-715-032-4 _bиздат.: Варненски свободен унив. Черноризец Храбър |
||
| 040 | _aBLK | ||
| 041 |
_aRUS _cRUS |
||
| 080 |
_aРуски език _b811.161.1 _x(075.8) _z811.161.1(075.8) |
||
| 100 | 1 |
_aЦонева, Анастасия Атанасова _eпърви автор _9271152 |
|
| 139 |
_aЦонева, Анастасия Атанасова _bЦ 80 |
||
| 245 | 1 | 0 |
_aРусский язык в сфере дипломатии _bДипломат. деятельность ; Протокол и церемониал ; Дипломат. переписка _cАнастасия Атанасова Цонева. |
| 257 | _aBGR | ||
| 260 |
_аВарна _bВарненски свободен унив. Черноризец Храбър _c1999 _fВарна : Сиера Ив |
||
| 300 |
_a212 с. _c21 см |
||
| 380 | _a80 | ||
| 500 | _aДеп. сп.35. - Офс. изд. - 500 тир. | ||
| 650 | 4 |
_aРуски език - учебници за ВУЗ _9248838 |
|
| 653 | _aруски език | ||
| 653 | _aдипломация | ||
| 852 | _aЦб 205756 | ||
| 856 | 4 |
_qpdf _u |
|
| 856 | 4 |
_qpdf _u |
|
| 942 |
_cKNG _n0 |
||
| 944 |
_aCR _c11.03.2003 _kAB_DOS |
||
| 944 |
_aED _c11.03.2003 _k |
||
| 999 |
_c30985 _d30985 |
||